Central Library OPAC University of Rajshahi

Profitabilty Analysis of Sugar Industries In Bangladesh-A Case Study of Rajshahi Sugar Mills LTD. / (Record no. 83986)

MARC details
000 -LEADER
fixed length control field 00918nam a2200241 a 4500
001 - CONTROL NUMBER
RUCL Control Number 83986
003 - CONTROL NUMBER IDENTIFIER
rucl marc code BD-RjUL
005 - DATE AND TIME OF LATEST TRANSACTION
control field 20240911100201.0
008 - FIXED-LENGTH DATA ELEMENTS--GENERAL INFORMATION
fixed length control field 240911s1999 bg a|||| m||| 00| 0 eng d
035 ## - SYSTEM CONTROL NUMBER
system control number (BD-RjUL)83986
040 ## - CATALOGING SOURCE
Original cataloging agency BD-RjUL
Language of cataloging eng
Transcribing agency BD-RjUL
Modifying agency BD-RjUL
041 ## - LANGUAGE CODE
Language code of Book eng
082 ## - DEWEY DECIMAL CLASSIFICATION NUMBER
DDC Edition number 23
Classification number 657.9
Author mark and Year RAP 1999
100 ## - MAIN ENTRY--PERSONAL NAME
Personal name Razzaque, S.I.M.A.
9 (RLIN) 13492
245 10 - TITLE STATEMENT
Title Profitabilty Analysis of Sugar Industries In Bangladesh-A Case Study of Rajshahi Sugar Mills LTD. /
Statement of responsibility, etc By S.I.M.A. Razzaque ;
Name of Supervisor/Co-Supervisor Supervisor : Syed Zabid Hossain
260 ## - PUBLICATION, DISTRIBUTION, ETC. (IMPRINT)
Place of publication, distribution, etc Rajshahi :
Name of publisher, distributor, etc Department of Accounting, University of Rajshahi,
Date of publication, distribution, etc 1999
300 ## - PHYSICAL DESCRIPTION
Pagination xiii, 240 Leaves :
Other physical details ill, ;
Dimensions 29 cm.
502 ## - DISSERTATION NOTE
Dissertation note Thesis (Ph. D.) -- Department of Accounting, University of Rajshahi, 1999
504 ## - BIBLIOGRAPHY, ETC. NOTE
Bibliography, etc Bibliography : Leaves [215]-234
650 ## - SUBJECT ADDED ENTRY--TOPICAL TERM
Topical term or geographic name as entry element Accounting
Form subdivision Sugar
9 (RLIN) 13493
700 ## - ADDED ENTRY--SUPERVISOR/CO-SUPERVISOR NAME
Personal name Hossain, Syed Zabid, Supervisor
9 (RLIN) 1794
942 ## - ADDED ENTRY ELEMENTS (KOHA)
Source of classification or shelving scheme Dewey Decimal Classification
Koha item type Theses
Holdings
Source of classification or shelving scheme Damaged status Not for loan Collection code Permanent Location Current Location Shelving location Date of accession Source of acquisition Total Checkouts Full call number Barcode Date last seen Copy number Thesis
Dewey Decimal Classification   Not For Loan Theses Central Library, University of Rajshahi Central Library, University of Rajshahi Documentation Section 14/11/2000 Controller of Exam. R.U.   THE 657.9 RAP 1999 D1961 11/09/2024 C-I Theses